<?xml version="1.0" encoding="UTF-8"?>
<record
    xmlns:xsi="http://www.w3.org/2001/XMLSchema-instance"
    xsi:schemaLocation="http://www.loc.gov/MARC21/slim http://www.loc.gov/standards/marcxml/schema/MARC21slim.xsd"
    xmlns="http://www.loc.gov/MARC21/slim">

  <leader>00803nam a22002657a 4500</leader>
  <controlfield tag="001"> 50506 </controlfield>
  <controlfield tag="003">UA-OsUOA</controlfield>
  <controlfield tag="005">20260326113002.0</controlfield>
  <controlfield tag="007">ta</controlfield>
  <controlfield tag="008">20071119b un ||||| |||| 00| 0 ukr d</controlfield>
  <datafield tag="020" ind1=" " ind2=" ">
    <subfield code="a">0920862519</subfield>
  </datafield>
  <datafield tag="040" ind1=" " ind2=" ">
    <subfield code="a">UA-OsUOA</subfield>
    <subfield code="b">ukr</subfield>
    <subfield code="c">UA-OsUOA</subfield>
    <subfield code="d">UA-OsUOA</subfield>
  </datafield>
  <datafield tag="041" ind1=" " ind2=" ">
    <subfield code="a">ukr</subfield>
  </datafield>
  <datafield tag="080" ind1=" " ind2=" ">
    <subfield code="a">82-92</subfield>
  </datafield>
  <datafield tag="090" ind1=" " ind2=" ">
    <subfield code="a">82-92</subfield>
    <subfield code="b">&#x421;59</subfield>
  </datafield>
  <datafield tag="100" ind1=" " ind2=" ">
    <subfield code="a">&#x421;&#x43E;&#x43A;&#x456;&#x43B; &#x412;.</subfield>
    <subfield code="9">24689</subfield>
  </datafield>
  <datafield tag="245" ind1=" " ind2=" ">
    <subfield code="a">&#x417;&#x434;&#x430;&#x43B;&#x435;&#x43A;&#x430; &#x434;&#x43E; &#x431;&#x43B;&#x438;&#x437;&#x44C;&#x43A;&#x43E;&#x433;&#x43E;: &#x441;&#x43F;&#x43E;&#x433;&#x430;&#x434;&#x438;, &#x440;&#x43E;&#x437;&#x434;&#x443;&#x43C;&#x438;</subfield>
    <subfield code="c">&#x412;&#x430;&#x441;&#x438;&#x43B;&#x44C; &#x421;&#x43E;&#x43A;&#x456;&#x43B;</subfield>
  </datafield>
  <datafield tag="246" ind1=" " ind2=" ">
    <subfield code="a">From far away to close at Hand</subfield>
  </datafield>
  <datafield tag="260" ind1=" " ind2=" ">
    <subfield code="a">&#x415;&#x434;&#x43C;&#x43E;&#x43D;&#x442;</subfield>
    <subfield code="b">&#x41A;&#x406;&#x423;&#x421;</subfield>
    <subfield code="c">1987</subfield>
  </datafield>
  <datafield tag="300" ind1=" " ind2=" ">
    <subfield code="a">360 &#x441;.</subfield>
  </datafield>
  <datafield tag="650" ind1=" " ind2="7">
    <subfield code="a">82 &#x41B;&#x456;&#x442;&#x435;&#x440;&#x430;&#x442;&#x443;&#x440;&#x430;. &#x41B;&#x456;&#x442;&#x435;&#x440;&#x430;&#x442;&#x443;&#x440;&#x43E;&#x437;&#x43D;&#x430;&#x432;&#x441;&#x442;&#x432;&#x43E;</subfield>
    <subfield code="2">UDC</subfield>
    <subfield code="9">15</subfield>
  </datafield>
  <datafield tag="942" ind1=" " ind2=" ">
    <subfield code="c">BK</subfield>
    <subfield code="2">udc</subfield>
  </datafield>
  <datafield tag="955" ind1=" " ind2=" ">
    <subfield code="a">3</subfield>
  </datafield>
  <datafield tag="999" ind1=" " ind2=" ">
    <subfield code="c">336610</subfield>
    <subfield code="d">336610</subfield>
  </datafield>
  <datafield tag="952" ind1=" " ind2=" ">
    <subfield code="0">0</subfield>
    <subfield code="1">0</subfield>
    <subfield code="2">udc</subfield>
    <subfield code="4">0</subfield>
    <subfield code="7">0</subfield>
    <subfield code="a">101</subfield>
    <subfield code="b">101</subfield>
    <subfield code="d">2005-10-12</subfield>
    <subfield code="e">117/2005</subfield>
    <subfield code="g">12.00</subfield>
    <subfield code="i">87475</subfield>
    <subfield code="l">0</subfield>
    <subfield code="o">82-92 &#x421;59</subfield>
    <subfield code="p">87475</subfield>
    <subfield code="r">2022-02-10 00:00:00</subfield>
    <subfield code="w">2005-10-12</subfield>
    <subfield code="y">BK</subfield>
  </datafield>
  <datafield tag="952" ind1=" " ind2=" ">
    <subfield code="0">0</subfield>
    <subfield code="1">0</subfield>
    <subfield code="2">udc</subfield>
    <subfield code="4">0</subfield>
    <subfield code="7">0</subfield>
    <subfield code="a">101</subfield>
    <subfield code="b">101</subfield>
    <subfield code="d">2005-10-12</subfield>
    <subfield code="e">117/2005</subfield>
    <subfield code="g">12.00</subfield>
    <subfield code="i">87476</subfield>
    <subfield code="l">0</subfield>
    <subfield code="o">82-92 &#x421;59</subfield>
    <subfield code="p">87476</subfield>
    <subfield code="r">2022-02-10 00:00:00</subfield>
    <subfield code="w">2005-10-12</subfield>
    <subfield code="y">BK</subfield>
  </datafield>
  <datafield tag="952" ind1=" " ind2=" ">
    <subfield code="0">0</subfield>
    <subfield code="1">0</subfield>
    <subfield code="2">udc</subfield>
    <subfield code="4">0</subfield>
    <subfield code="7">0</subfield>
    <subfield code="a">101</subfield>
    <subfield code="b">101</subfield>
    <subfield code="d">2005-10-12</subfield>
    <subfield code="e">117/2005</subfield>
    <subfield code="g">12.00</subfield>
    <subfield code="i">87477</subfield>
    <subfield code="l">0</subfield>
    <subfield code="o">82-92 &#x421;59</subfield>
    <subfield code="p">87477</subfield>
    <subfield code="r">2022-02-10 00:00:00</subfield>
    <subfield code="w">2005-10-12</subfield>
    <subfield code="y">BK</subfield>
  </datafield>
  <datafield tag="952" ind1=" " ind2=" ">
    <subfield code="0">0</subfield>
    <subfield code="1">0</subfield>
    <subfield code="2">udc</subfield>
    <subfield code="4">0</subfield>
    <subfield code="7">0</subfield>
    <subfield code="a">101</subfield>
    <subfield code="b">101</subfield>
    <subfield code="d">2007-11-19</subfield>
    <subfield code="e">198/2007</subfield>
    <subfield code="g">10.00</subfield>
    <subfield code="i">109326</subfield>
    <subfield code="l">0</subfield>
    <subfield code="o">82-92 &#x421;59</subfield>
    <subfield code="p">109326</subfield>
    <subfield code="r">2022-02-10 00:00:00</subfield>
    <subfield code="w">2007-11-19</subfield>
    <subfield code="y">BK</subfield>
  </datafield>
  <datafield tag="952" ind1=" " ind2=" ">
    <subfield code="0">0</subfield>
    <subfield code="1">0</subfield>
    <subfield code="2">udc</subfield>
    <subfield code="4">0</subfield>
    <subfield code="7">0</subfield>
    <subfield code="a">101</subfield>
    <subfield code="b">101</subfield>
    <subfield code="d">2007-11-19</subfield>
    <subfield code="e">198/2007</subfield>
    <subfield code="g">10.00</subfield>
    <subfield code="i">109327</subfield>
    <subfield code="l">0</subfield>
    <subfield code="o">82-92 &#x421;59</subfield>
    <subfield code="p">109327</subfield>
    <subfield code="r">2022-04-05 00:00:00</subfield>
    <subfield code="w">2007-11-19</subfield>
    <subfield code="y">BK</subfield>
  </datafield>
  <datafield tag="952" ind1=" " ind2=" ">
    <subfield code="0">0</subfield>
    <subfield code="1">0</subfield>
    <subfield code="2">udc</subfield>
    <subfield code="4">0</subfield>
    <subfield code="7">0</subfield>
    <subfield code="a">101</subfield>
    <subfield code="b">101</subfield>
    <subfield code="d">2017-03-31</subfield>
    <subfield code="e">17/2017</subfield>
    <subfield code="g">10.00</subfield>
    <subfield code="i">153409</subfield>
    <subfield code="l">0</subfield>
    <subfield code="o">82-92 &#x421;59</subfield>
    <subfield code="p">153409</subfield>
    <subfield code="r">2022-05-02 00:00:00</subfield>
    <subfield code="w">2007-11-19</subfield>
    <subfield code="y">BK</subfield>
  </datafield>
  <datafield tag="952" ind1=" " ind2=" ">
    <subfield code="0">0</subfield>
    <subfield code="1">0</subfield>
    <subfield code="2">udc</subfield>
    <subfield code="4">0</subfield>
    <subfield code="7">0</subfield>
    <subfield code="a">300</subfield>
    <subfield code="b">300</subfield>
    <subfield code="d">2014-05-20</subfield>
    <subfield code="e">311/2014</subfield>
    <subfield code="g">1.00</subfield>
    <subfield code="i">2135942</subfield>
    <subfield code="l">0</subfield>
    <subfield code="o">82-94 &#x421;59</subfield>
    <subfield code="p">2135942</subfield>
    <subfield code="r">2019-09-14 00:00:00</subfield>
    <subfield code="w">2014-05-20</subfield>
    <subfield code="y">BK</subfield>
  </datafield>
  <datafield tag="952" ind1=" " ind2=" ">
    <subfield code="0">0</subfield>
    <subfield code="1">0</subfield>
    <subfield code="2">udc</subfield>
    <subfield code="4">0</subfield>
    <subfield code="7">0</subfield>
    <subfield code="8">C_CIUS</subfield>
    <subfield code="a">300</subfield>
    <subfield code="b">300</subfield>
    <subfield code="d">2006-10-23</subfield>
    <subfield code="e">55/2006</subfield>
    <subfield code="g">1.00</subfield>
    <subfield code="i">2125945</subfield>
    <subfield code="l">0</subfield>
    <subfield code="o">82-94 &#x421;59</subfield>
    <subfield code="p">2125945</subfield>
    <subfield code="r">2019-09-15 00:00:00</subfield>
    <subfield code="w">2006-10-23</subfield>
    <subfield code="y">BK</subfield>
  </datafield>
  <datafield tag="952" ind1=" " ind2=" ">
    <subfield code="0">0</subfield>
    <subfield code="1">0</subfield>
    <subfield code="2">udc</subfield>
    <subfield code="4">0</subfield>
    <subfield code="7">0</subfield>
    <subfield code="a">300</subfield>
    <subfield code="b">300</subfield>
    <subfield code="d">2008-06-14</subfield>
    <subfield code="e">195/2008</subfield>
    <subfield code="g">1.00</subfield>
    <subfield code="i">2129027</subfield>
    <subfield code="l">0</subfield>
    <subfield code="o">82-94 &#x421;59</subfield>
    <subfield code="p">2129027</subfield>
    <subfield code="r">2019-09-15 00:00:00</subfield>
    <subfield code="w">2008-06-14</subfield>
    <subfield code="y">BK</subfield>
  </datafield>
  <datafield tag="952" ind1=" " ind2=" ">
    <subfield code="0">0</subfield>
    <subfield code="1">0</subfield>
    <subfield code="2">udc</subfield>
    <subfield code="4">0</subfield>
    <subfield code="7">0</subfield>
    <subfield code="8">C_Shevchuk_V.</subfield>
    <subfield code="a">101</subfield>
    <subfield code="b">101</subfield>
    <subfield code="d">2026-03-26</subfield>
    <subfield code="e">&#x2116;16/25.03.2026</subfield>
    <subfield code="g">30.00</subfield>
    <subfield code="l">0</subfield>
    <subfield code="o">82-92 &#x421;59</subfield>
    <subfield code="p">169711</subfield>
    <subfield code="r">2026-03-26 09:34:57</subfield>
    <subfield code="v">30.00</subfield>
    <subfield code="w">2026-03-26</subfield>
    <subfield code="y">BK</subfield>
  </datafield>
</record>
